Podpora vytvárania modelov roly
Enregistré dans:
| Auteur principal: | |
|---|---|
| Autres auteurs: | |
| Format: | Manuscrit Livre |
| Langue: | slovaque |
| Publié: |
2025
|
| Sujets: | |
| Accès en ligne: | http://is.stuba.sk/zp/portal_zp.pl?podrobnosti=175377 |
| Tags: |
Pas de tags, Soyez le premier à ajouter un tag!
|
MARC
| LEADER | 00000ntm a22000003a 4500 | ||
|---|---|---|---|
| 001 | stuzp102842 | ||
| 003 | SK-STU | ||
| 005 | 20250614211543.1 | ||
| 007 | ta | ||
| 008 | 150427s2015----xo-----f-mn---000-0-slo-d | ||
| 040 | |a STU |b slo | ||
| 041 | 0 | |a slo | |
| 100 | 1 | |a Totcimak, Matúš |u 070200 |4 aut |U FIIT Fakulta informatiky a informačných technológií |T FIIT Ústav informatiky, informačných systémov a softvérového inžinierstva |X 120895 |U I200 |Y 179 |7 120895 | |
| 242 | 0 | 1 | |a Support for creating role models |y eng |
| 245 | 1 | 0 | |a Podpora vytvárania modelov roly |
| 260 | |c 2025 | ||
| 650 | 4 | |a Textual process descriptions |2 eng | |
| 650 | 4 | |a Automated text-to-diagram conversion |2 eng | |
| 650 | 4 | |a Process modeling |2 eng | |
| 650 | 4 | |a BPMN |2 eng | |
| 650 | 4 | |a AI |2 eng | |
| 650 | 4 | |a Textové opisy procesov |2 slo | |
| 650 | 4 | |a Automatizovaný prevod textových opisov |2 slo | |
| 650 | 4 | |a Procesné modelovanie |2 slo | |
| 650 | 4 | |a BPMN |2 slo | |
| 650 | 4 | |a AI |2 slo | |
| 700 | 1 | |a Lang, Ján |u 070200 |k Z1 |4 ths |U FIIT Fakulta informatiky a informačných technológií |T FIIT Ústav informatiky, informačných systémov a softvérového inžinierstva |X 60247 |U I200 |Y 179 |7 60247 | |
| 856 | 4 | |u http://is.stuba.sk/zp/portal_zp.pl?podrobnosti=175377 | |